Match the Tool Song to the Album 🌀 - Statistics

General Stats
  • This quiz has been taken 34 times
  • The average score is 16 of 21
Answer Stats
Hint Answer % Correct
Sober Undertow
91%
Stinkfist Ænima
86%
Forty Six & 2 Ænima
86%
Schism Lateralus
86%
Parabola Lateralus
86%
The Pot 10,000 Days
86%
The Patient Lateralus
82%
The Grudge Lateralus
82%
Vicarious 10,000 Days
82%
Rosetta Stoned 10,000 Days
82%
Descending Fear Inoculum
82%
Prison Sex Undertow
77%
Intolerance Undertow
77%
Jerk-Off Opiate
73%
Invincible Fear Inoculum
73%
Pneuma Fear Inoculum
73%
Hush Opiate
68%
Bottom Undertow
68%
Third Eye Ænima
68%
No Quarter Salival
64%
You Lied Salival
59%
No matching quizzes found
Score Distribution
Percent of People with Each Score
Percentile by Number Answered
Your Score History
You have not taken this quiz